000 01035nam a22002897a 4500
001 BR8706441
003 BR-BrBNA
005 20230928092734.0
007 ta
008 230509b bl.||||| |||| 00| 0 por d
040 _aBR-BrBNA
_bpor
_cBiblioteca Nacional de Agricultura
041 _a(Por)
072 _aL70
_b5240
090 _ 5240 BR8706441
100 1 _aCanabrava, H.A.N.
110 1 _aUniversidade Federal de Minas Gerais, Belo Horizonte (Brasil). Escola de Veterinaria
_0Tese (Mestrado)
245 1 _aInfluencia da ioimbina, doxapram, 4-aminopiridina e aminofilina sobre os efeitos sedativos e analgesico da xilazina
246 1 _a[Influence of yohimbine, doxapram, 4-aminopyridine and aminophiline on the sedative and analgesic effects of xylazine]
260 3 _aBelo Horizonte, MG (Brasil):
_c1986.
300 _a98 p.
500 _aBibliography (109 ref.); Summary (Por); 5 tables
650 _aANESTESIA
650 _aANESTESICO
650 _aOVINO
909 _a202309
_bLucia
_c55
_dLucia Elande
942 _cBK
999 _c40907
_d40907